000 02193cam a2200793 4500
008 010724n2003 000 0 eng u
020 _a1901956962
035 _a(Sirsi) u122190
041 _aeng
050 _a336.22
_c18
100 _aBrown, P. K.
245 _aFinal report
_ba study of European land tax systems
260 _aLondon
_bIRRV
_c2003
300 _axxii, 700p.
_c21cm.
350 _a25
490 _aIRRV Working Paper
520 _aExamines the nature, scope and implementation of property taxation systems in Europe, building on earlier research set out in "Working paper: a study of European land tax systems" (ISBN 1901956466). Considers the main types of property taxation in Europe, the background to property taxation, and key issues such as the current tax reforms. The major part of the text then describes the individual taxes currently applied in the 42 countries studied. References.
650 _aALBANIA
650 _aAUSTRIA
650 _aARMENIA
650 _aBELGIUM
650 _aBELARUS
650 _aBULGARIA
650 _aCROATIA
650 _aCYPRUS
650 _aCZECH REPUBLIC
650 _aDENMARK
650 _aESTONIA
650 _aFINLAND
650 _aFRANCE
650 _aGERMANY
650 _aGREECE
650 _aHUNGARY
650 _aICELAND
650 _aITALY
650 _aIRELAND
650 _aLATVIA
650 _aLITHUANIA
650 _aLUXEMBOURG
650 _aMACEDONIA
650 _aMALTA
650 _aMOLDOVA
650 _aNETHERLANDS
650 _aNORWAY
650 _aPOLAND
650 _aPORTUGAL
650 _aPROPERTY TAXES
650 _aLAND TAX
650 _aPROPERTY TAXATION
650 _aROMANIA
650 _aRUSSIA
650 _aSLOVAK REPUBLIC
650 _aSLOVENIA
650 _aSPAIN
650 _aSWEDEN
650 _aSWITZERLAND
650 _aTURKEY
650 _aYUGOSLAVIA
650 _aENGLAND
650 _aNORTHERN IRELAND
650 _aSCOTLAND
650 _aWALES
650 _aTAX REFORM
650 _aTAX SYSTEM
650 _aTAXES
690 _aTAXATION
700 _aHepworth, M. A.
942 _n0
999 _c102787
_d102787